MARC

LEADER 00000nam0a2200000 4500
001 149126
005 20231031145732.0
010 |a 5060018962 
020 |a RU  |b 91-3554 
035 |a (RuTPU)RU\TPU\book\161666 
090 |a 149126 
100 |a 20081212d1991 m a0rusy5003 ca 
101 0 |a rus 
102 |a RU 
105 |a a j 001zy 
200 1 |a Электропреобразовательные устройства РЭС  |e учебник для вузов  |f А. И. Иванов - Цыганов 
205 |a 4-е изд., перераб. и доп. 
210 |a Москва  |c Высшая школа  |d 1991 
215 |a 272 с.  |c ил.  |d 22 см 
305 |a Загл. 3-го изд.: Электротехнические устройства радиосистем 
320 |a Библиогр.: с. 269. (5 назв.) 
610 1 |a радиотехнические системы 
610 1 |a электрооборудование 
610 1 |a учебники 
610 1 |a РЭС 
610 1 |a трансформаторы 
610 1 |a дроссели 
610 1 |a электрические машины 
610 1 |a построение 
610 1 |a выпрямители 
610 1 |a фильтры 
610 1 |a построение 
610 1 |a стабилизаторы 
610 1 |a преобразователи 
610 1 |a инверторы 
675 |a 621.396.6-83(075.8)  |z rus 
700 1 |a Иванов - Цыганов  |b А. И.  |g Анатолий Иванович  |4 070 
801 0 |a RU  |b RuMRKP  |c 19950417  |g psbo 
801 1 |a RU  |b 63413507  |c 20081212  |g PSBO 
801 2 |a RU  |b 63413507  |c 20091208  |g PSBO 
900 |a Электроника и микроэлектроника 
942 |c BK